Remapping India:New states and their political origins (Record no. 443604)

000 -LEADER
fixed length control field 00499cam a22001577a 4500
008 - FIXED-LENGTH DATA ELEMENTS--GENERAL INFORMATION
fixed length control field 180718b2013 xxu||||| |||| 00| 0 eng d
020 ## - INTERNATIONAL STANDARD BOOK NUMBER
International Standard Book Number 0199450358
082 ## - DEWEY DECIMAL CLASSIFICATION NUMBER
Classification number B813x54 T465
100 ## - MAIN ENTRY--PERSONAL NAME
Personal name Tillin, Louise
245 ## - TITLE STATEMENT
Title Remapping India:New states and their political origins
Statement of responsibility, etc. By Louise Tillin
260 ## - PUBLICATION, DISTRIBUTION, ETC.
Place of publication, distribution, etc. New Delhi
Name of publisher, distributor, etc. Oxford
Date of publication, distribution, etc. 2013
300 ## - PHYSICAL DESCRIPTION
Extent 268p.
650 ## - SUBJECT ADDED ENTRY--TOPICAL TERM
Topical term or geographic name entry element India -- Social conditions -- 1947-
650 ## - SUBJECT ADDED ENTRY--TOPICAL TERM
Topical term or geographic name entry element India -- Boundaries
650 ## - SUBJECT ADDED ENTRY--TOPICAL TERM
Topical term or geographic name entry element India -- Administrative and political divisions
Holdings
Withdrawn status Lost status Damaged status Not for loan Permanent Location Current Location Date acquired Total Checkouts Full call number Barcode Checked out Date last seen Date last checked out Price effective from Koha item type
        Indian Institute of Public Administration Indian Institute of Public Administration 2014-05-12 1 B813x54 T465 85651 2019-05-01 2019-05-01 2019-05-01 2018-07-21 Book

Powered by Koha